[Event "SVK Amateur-ch 2020"]
[Site "Topolcany"]
[Date "2020.07.11"]
[Round "3.10"]
[White "Skreko, Igor"]
[Black "Podoba, Milan"]
[Result "1-0"]
[WhiteElo "1761"]
[BlackElo "2023"]
[Annotator "RC"]
[PlyCount "155"]
[EventDate "2020.07.10"]
[EventType "swiss"]
[EventCountry "SVK"]
[SourceTitle "playchess.com"]
[Source "ChessBase"]
[SourceQuality "1"]
[TimeControl "3600+30"]

1. d4 {[%emt 0:00:00]} d5 {[%emt 0:00:00]} 2. c4 {[%emt 0:00:00]} c6 {[%emt 0:00:00]} 3. Nf3 {[%emt 0:00:00]} Nf6 {[%emt 0:00:00]} 4. e3 {[%emt 0:00:00]} Bf5 {[%emt 0:01:26]} 5. Nc3 {[%emt 0:00:08]} e6 {[%emt 0:00:08]} 6. Nh4 {[%emt 0:00:07]} Bg4 {[%emt 0:01:20]} 7. Qb3 {[%emt 0:00:41]} Qb6 {[%emt 0:00:48]} 8. h3 {[%emt 0:00:39]} Bh5 {[%emt 0:00:08]} 9. g4 {[%emt 0:00:11]} Bg6 {[%emt 0:00:05]} 10. Nxg6 {[%emt 0:00:17]} hxg6 {[%emt 0:00:02]} 11. Bg2 {[%emt 0:00:50]} Nbd7 {[%emt 0:01:15]} 12. Bd2 {[%emt 0:02:17]} Be7 {[%emt 0:01:32]} 13. c5 {[%emt 0:02:37]} Qxb3 {[%emt 0:03:33]} 14. axb3 {[%emt 0:00:06]} O-O {[%emt 0:00:10]} 15. b4 {[%emt 0:08:42]} b6 {[%emt 0:02:23]} 16. Ra6 {[%emt 0:03:38]} Rfb8 {[%emt 0:09:23]} 17. Ke2 {[%emt 0:09:54]} Rb7 {[%emt 0:12:18]} 18. Rha1 {[%emt 0:04:32]} Nb8 {[%emt 0:00:35]} 19. R6a2 {[%emt 0:00:15]} bxc5 {[%emt 0:04:01]} 20. bxc5 {[%emt 0:00:21]} a6 {[%emt 0:03:52]} 21. Kd1 {[%emt 0:05:27]} Bd8 {[%emt 0:03:40]} 22. Kc2 {[%emt 0:02:52]} Bc7 {[%emt 0:05:25]} 23. Bf1 {[%emt 0:02:39]} Rba7 {[%emt 0:03:47]} 24. b4 {[%emt 0:02:06]} Rb7 {[%emt 0:03:20]} 25. b5 {[%emt 0:03:06]} cxb5 {[%emt 0:01:30]} 26. Nxb5 {[%emt 0:00:30]} Ne4 {[%emt 0:04:21]} 27. Nxc7 {[%emt 0:02:19]} Rxc7 {[%emt 0:00:02]} 28. Be1 {[%emt 0:01:59]} Rca7 {[%emt 0:01:54]} 29. f3 {[%emt 0:02:15]} Nf6 {[%emt 0:00:02]} 30. Bb5 {[%emt 0:03:06]} Kh7 {[%emt 0:02:31]} 31. Bg3 {[%emt 0:02:12]} Nfd7 {[%emt 0:01:22]} 32. c6 {[%emt 0:01:01]} Nxc6 {[%emt 0:01:05]} 33. Bxc6 {[%emt 0:01:10]} Rc8 {[%emt 0:00:08]} 34. Rxa6 {[%emt 0:02:10]} Rxc6+ {[%emt 0:00:22]} 35. Rxc6 {[%emt 0:00:06]} Rxa1 {[%emt 0:00:04]} 36. Rc7 {[%emt 0:00:29]} Rg1 {[%emt 0:01:21]} 37. Bd6 {[%emt 0:03:36]} Nb6 {[%emt 0:00:48]} 38. Rxf7 {[%emt 0:00:25]} Nc4 {[%emt 0:00:16]} 39. Bf4 {[%emt 0:00:22]} g5 {[%emt 0:01:06]} 40. Be5 {[%emt 0:01:56]} Rg2+ {[%emt 0:00:44]} 41. Kd3 {[%emt 0:01:04]} Nxe5+ {[%emt 0:01:00]} 42. dxe5 {[%emt 0:00:05]} Rg3 {[%emt 0:00:23]} 43. Kd4 {[%emt 0:01:10]} Kg6 {[%emt 0:00:27]} 44. Rf8 {[%emt 0:00:58]} Rxh3 {[%emt 0:00:08]} 45. Kc5 {[%emt 0:00:14]} Rh1 {[%emt 0:02:17]} 46. Kd6 {[%emt 0:00:13]} Re1 {[%emt 0:00:31]} 47. Kxe6 {[%emt 0:00:07]} Rxe3 {[%emt 0:00:02]} 48. Kxd5 {[%emt 0:00:10]} Rd3+ {[%emt 0:00:14]} 49. Ke4 {[%emt 0:01:02]} Rd2 {[%emt 0:00:24]} 50. e6 {[%emt 0:00:28]} Ra2 {[%emt 0:00:57]} 51. Kd3 {[%emt 0:02:21]} Ra3+ {[%emt 0:00:43]} 52. Kc4 {[%emt 0:00:41]} Ra7 {[%emt 0:00:23]} 53. Rf5 {[%emt 0:00:59]} Ra6 {[%emt 0:00:53]} 54. Re5 {[%emt 0:00:55]} Ra8 {[%emt 0:00:49]} 55. e7 {[%emt 0:00:29]} Kf7 {[%emt 0:00:32]} 56. Rxg5 {[%emt 0:00:39]} Re8 {[%emt 0:00:46]} 57. Re5 {[%emt 0:00:24]} Rxe7 {[%emt 0:00:26]} 58. Rxe7+ {[%emt 0:00:05]} Kxe7 {[%emt 0:00:06]} 59. Kd5 {[%emt 0:00:09]} Kf6 {[%emt 0:00:06]} 60. f4 {[%emt 0:00:04]} Kf7 {[%emt 0:00:15]} 61. Ke5 {[%emt 0:00:16]} Ke7 {[%emt 0:00:12]} 62. f5 {[%emt 0:00:05]} Kf7 {[%emt 0:00:06]} 63. g5 {[%emt 0:00:16]} Kg8 {[%emt 0:01:49]} 64. Kd6 {[%emt 0:00:52]} Kf7 {[%emt 0:00:54]} 65. Kd7 {[%emt 0:00:12]} Kf8 {[%emt 0:00:42]} 66. Ke6 {[%emt 0:00:12]} Ke8 {[%emt 0:00:21]} 67. f6 {[%emt 0:00:57]} Kf8 {[%emt 0:00:32]} 68. f7 {[%emt 0:01:36]} g6 {[%emt 0:00:02]} 69. Kd6 {[%emt 0:00:06]} Kxf7 {[%emt 0:00:08]} 70. Kd7 {[%emt 0:00:03]} Kf8 {[%emt 0:01:21]} 71. Ke6 {[%emt 0:00:06]} Kg7 {[%emt 0:00:03]} 72. Ke7 {[%emt 0:00:03]} Kh8 {[%emt 0:01:05]} 73. Kf7 {[%emt 0:00:10]} Kh7 {[%emt 0:00:02]} 74. Kf6 {[%emt 0:00:05]} Kh8 {[%emt 0:00:12]} 75. Kxg6 {[%emt 0:00:07]} Kg8 {[%emt 0:00:01]} 76. Kh6 {[%emt 0:00:20]} Kh8 {[%emt 0:00:31]} 77. g6 {[%emt 0:00:08]} Kg8 {[%emt 0:00:05]} 78. g7 {[%emt 0:00:05]} 1-0

[Event "SVK Amateur-ch 2020"]
[Site "Topolcany"]
[Date "2020.07.11"]
[Round "3.11"]
[White "Fenik, Jozef ml."]
[Black "Blazek, Milos"]
[Result "1-0"]
[WhiteElo "2100"]
[BlackElo "1977"]
[Annotator "ChessBase"]
[PlyCount "67"]
[EventDate "2020.07.10"]
[EventType "swiss"]
[EventCountry "SVK"]
[SourceTitle "playchess.com"]
[Source "ChessBase"]
[SourceQuality "1"]
[TimeControl "3600+30"]

1. e4 {[%emt 0:00:00]} e5 {[%emt 0:00:52]} 2. Bc4 {[%emt 0:00:39]} Nf6 {[%emt 0:00:16]} 3. Nc3 {[%emt 0:00:31]} Nc6 {[%emt 0:00:49]} 4. d3 {[%emt 0:01:47]} Be7 {[%emt 0:04:01]} 5. f4 {[%emt 0:05:12]} d6 {[%emt 0:01:06]} 6. Nf3 {[%emt 0:00:43]} O-O {[%emt 0:01:08]} 7. f5 {[%emt 0:13:17]} Na5 {[%emt 0:04:33]} 8. Bg5 {[%emt 0:03:42]} c6 {[%emt 0:03:28]} 9. Qe2 {[%emt 0:04:05]} b5 {[%emt 0:07:38]} 10. Bb3 {[%emt 0:00:09]} Re8 {[%emt 0:06:03]} 11. O-O-O {[%emt 0:05:16]} Nxb3+ {[%emt 0:04:27]} 12. axb3 {[%emt 0:01:39]} b4 {[%emt 0:01:43]} 13. Na4 {[%emt 0:04:42]} Nd7 {[%emt 0:00:51]} 14. Bxe7 {[%emt 0:00:33]} Qxe7 {[%emt 0:00:29]} 15. g4 {[%emt 0:00:24]} Nb6 {[%emt 0:02:09]} 16. g5 {[%emt 0:00:58]} Rb8 {[%emt 0:09:06]} 17. h4 {[%emt 0:01:32]} Nxa4 {[%emt 0:01:00]} 18. bxa4 {[%emt 0:00:08]} b3 {[%emt 0:00:18]} 19. c3 {[%emt 0:08:01]} d5 {[%emt 0:00:46]} 20. h5 {[%emt 0:00:39]} d4 {[%emt 0:00:41]} 21. g6 {[%emt 0:05:21]} fxg6 {[%emt 0:02:14]} 22. hxg6 {[%emt 0:03:59]} h6 {[%emt 0:01:27]} 23. Qd2 {[%emt 0:00:09]} dxc3 {[%emt 0:01:39]} 24. Qxc3 {[%emt 0:00:39]} Qb4 {[%emt 0:04:36]} 25. Qxb4 {[%emt 0:03:16]} Rxb4 {[%emt 0:00:08]} 26. Kd2 {[%emt 0:00:11]} Ba6 {[%emt 0:03:42]} 27. Kc3 {[%emt 0:01:15]} c5 {[%emt 0:00:39]} 28. Ra1 {[%emt 0:00:44]} Rb6 {[%emt 0:04:39]} 29. Nd2 {[%emt 0:03:15]} Rd8 {[%emt 0:01:07]} 30. Nc4 {[%emt 0:00:38]} Bxc4 {[%emt 0:00:38]} 31. dxc4 {[%emt 0:00:13]} Rd4 {[%emt 0:00:13]} 32. Rad1 {[%emt 0:00:30]} Rb4 {[%emt 0:00:07]} 33. Rxd4 {[%emt 0:00:31]} cxd4+ {[%emt 0:01:00]} 34. Kxb4 1-0

[Event "SVK Amateur-ch 2020"]
[Site "Topolcany"]
[Date "2020.07.11"]
[Round "3.11"]
[White "Pietrzak, Tomasz"]
[Black "Giertli, Vladimir"]
[Result "1/2-1/2"]
[WhiteElo "1896"]
[BlackElo "2034"]
[Annotator "TA"]
[PlyCount "153"]
[EventDate "2020.07.10"]
[EventType "swiss"]
[EventCountry "SVK"]
[SourceTitle "playchess.com"]
[Source "ChessBase"]
[SourceQuality "1"]

{[%evp 22,153,58,53,95,66,72,46,32,35,44,8,8,0,8,16,10,0,0,-2,0,-4,-4,-2,0,0,0,0,0,-1,-6,-5,3,0,0,-47,-47,-47,-47,-76,-47,-85,-77,-77,-77,-77,-76,-119,-119,-124,-114,-114,-102,-102,-102,-138,-133,-198,-182,-318,-169,-1337,-1314,-1202,-1141,-1128,-985,-527,-275,-262,-266,-453,-215,-228,-73,-5393,-378,-365,-381,-317,-281,-304,0,-288,-272,-243,-313,-455,-276,-213,-251,-1383,0,-213,0,-206,-177,-183,-183,-168,-168,-168,0,0,0,-162,-155,-161,-154,-154,0,-147,0,-139,0,0,0,0,0,0,0,0,0,0,0,0,0,0,0,0,0,0,0,0]} 1. d4 Nf6 2. c4 c5 3. Nf3 cxd4 4. Nxd4 Nc6 5. Nc3 d6 6. e4 g6 7. Be2 Bd7 8. Be3 Bg7 9. Qd2 a6 10. f3 Rb8 11. O-O O-O 12. Rfd1 {[#]} Qe8 $146 {B38: Sicilian: Maroczy Bind with 5...Bg7 and 7...0-0.} ({Predecessor:} 12... Re8 13. Rac1 h5 14. a3 Kh7 15. b4 b5 16. Nb3 bxc4 17. Bxc4 a5 18. b5 Ne5 19. Be2 a4 20. Nd4 Qa5 21. Nd5 Qxd2 22. Rxd2 Nxd5 23. exd5 {1-0 (38) Leiva,G (2400)-Cori Tello,D (2441) Lima 2015}) 13. Rac1 b5 14. cxb5 Nxd4 {White is slightly better.} 15. Bxd4 axb5 16. Nd5 Nxd5 $1 17. exd5 Rb7 {[%cal Bb8b7,Bb7a7,Ba7a4][%mdl 32]} 18. Bxg7 Kxg7 19. Qb4 Qa8 20. Rc3 Ra7 21. Qd4+ Kg8 22. a3 Ra4 23. Qe3 b4 24. Rc7 Qd8 $36 {[%mdl 2048] Black has some pressure.} 25. Rdc1 bxa3 26. bxa3 Re8 27. Qb3 {Black must now prevent Qb7.} Ra8 28. Bb5 Bxb5 29. Qxb5 Rxa3 30. Qb7 Ra8 31. Rd7 Qa5 {Strongly threatening ...Qd2.} 32. Rxe7 Rxe7 33. Qxe7 Qxd5 $17 {[%mdl 4096] Endgame KQR-KQR} 34. Kh1 Qd4 35. Qe1 Kg7 36. h3 h5 37. Rd1 Qf6 38. Qd2 Ra1 39. Kh2 (39. Rxa1 $17 Qxa1+ 40. Kh2) 39... Qe5+ $19 40. Kh1 (40. Kg1 $142) 40... d5 (40... Rxd1+ $142 41. Qxd1 d5) 41. f4 $2 (41. Rg1) 41... Rxd1+ 42. Qxd1 {KQ-KQ} Qe4 43. Qd2 d4 44. Kh2 f6 45. Kg3 Qd5 $1 46. Qc1 $2 (46. Kf2) 46... Qd7 (46... Qb3+ $142 47. Kf2 Qb6) 47. Kf3 h4 $2 (47... Qb7+ $1 $19 {has better winning chances.} 48. Kf2 Qd7) 48. Qd2 $2 {[%mdl 8192]} (48. Ke4 $17) 48... Qd5+ $2 (48... Qc6+ 49. Kf2 Qd5) 49. Kf2 Qe4 50. Qc1 Qe7 51. Qd2 Qd7 $2 (51... Qc5 $19 52. Ke2 Qc4+ 53. Qd3 Qc6) 52. Qd3 $2 {[%mdl 8192]} (52. Kf3 $1 $11) 52... Qd6 53. Qd2 Qc5 54. Qd3 (54. Ke2 $142 Qc4+ 55. Qd3) 54... Qc3 55. Qe4 {intending Qe7+.} Qd2+ 56. Kf3 $2 (56. Kf1 Qc1+ 57. Ke2) 56... Qc3+ $2 (56... Kh6 $1 $19 57. f5 g5) 57. Ke2 $2 (57. Kf2 $1 $11) 57... Qc5 $2 ({Black should try} 57... Kf7 $19 58. Qd5+ Ke7 59. Qe4+ Kd6 60. Qxg6 Qe3+ 61. Kd1 Qb3+ 62. Ke2 Qb2+ 63. Kf1 Qc1+ {[%mdl 64] Double Attack} 64. Ke2 Qe3+ 65. Kd1 Qb3+ 66. Ke2 Qe3+ {[%mdl 64] Double Attack}) 58. Qb7+ $2 (58. Kd3 $1 $11) 58... Kf8 59. Qb8+ Kf7 $1 60. Qb7+ Ke6 $1 61. Qe4+ Kf7 $2 (61... Kd6 $1 $19 62. Qd3 Qd5 63. Qxg6 Qa2+ 64. Kd1 Qb3+ 65. Ke2 Qb2+ 66. Kf3 Qc3+ 67. Ke2 Qe3+ 68. Kd1 Qxf4) 62. Qb7+ $1 $11 Kg8 {aiming for ...Qc2+.} 63. Qb8+ $2 (63. Qb3+ $11 {and White is okay.} Kf8 64. Kd1) 63... Kh7 $1 $19 64. Qb7+ Kh6 {Hoping for ...Qc2+.} 65. Qb8 {[%cal Rb8h8]} Qc2+ $2 (65... Qc4+ $1 $17 66. Kd2 g5 67. Qh8+ Kg6 68. Qe8+ Kf5 69. fxg5 Qc3+ 70. Ke2 Qc2+ 71. Ke1 Kxg5 72. Qg8+ Qg6 73. Qd5+ Qf5) 66. Kf1 {[#]} (66. Kf3 $11 {was the only way to keep the balance.} Qd3+ 67. Kf2 Qe3+ 68. Kf1 Qc1+ 69. Kf2 Qd2+ 70. Kf1 Qd3+ 71. Kg1 Qe3+ 72. Kf1) 66... Qc1+ (66... Qc4+ $1 $17 67. Kf2 g5 68. Qf8+ Kg6 69. Qe8+ Kf5 70. fxg5 Qc2+ {[%mdl 64] Zwischenzug} 71. Ke1 Qc1+ 72. Ke2 Qc2+ 73. Ke1 Kxg5) 67. Ke2 {[#]} (67. Kf2 $1 $11 Qd2+ 68. Kf1 Qd3+ 69. Kg1 Qe3+ 70. Kf1 Qc1+ 71. Kf2 Qe3+ 72. Kf1) 67... Qe3+ (67... Qc4+ $1 $17 68. Kd2 Qc3+ 69. Ke2 Qc4+ 70. Kd2 g5 71. Qf8+ Kg6 72. Qe8+ Kf5 73. fxg5 Kxg5) 68. Kf1 $11 {[%cal Rb8h8] The position is equal.} Kg7 69. Qc7+ Kf8 70. Qd8+ Kf7 71. Qd7+ Kg8 72. Qd8+ Kh7 73. Qxf6 d3 74. Qf7+ Kh6 75. Qf8+ Kh7 76. Qf7+ Kh6 77. Qf8+ {Accuracy: White = 50%, Black = 65%.} 1/2-1/2

[Event "SVK Amateur-ch 2020"]
[Site "Topolcany"]
[Date "2020.07.11"]
[Round "3.12"]
[White "Deruelle Sala, Albert"]
[Black "Franko, Ondrej"]
[Result "1-0"]
[WhiteElo "2078"]
[BlackElo "1952"]
[Annotator "TA"]
[PlyCount "104"]
[EventDate "2020.07.10"]
[EventType "swiss"]
[EventCountry "SVK"]
[SourceTitle "playchess.com"]
[Source "ChessBase"]
[SourceQuality "1"]

{[%evp 12,104,45,59,70,48,105,35,44,40,35,0,33,9,33,-8,0,0,0,-69,-73,-47,0,-64,-48,-67,-54,-166,-48,-113,-50,-170,-73,-512,-506,-533,-496,-492,-485,-730,-168,-543,-12,-227,-208,-1935,-9,-10,0,-18,0,0,0,-76,-77,-80,0,-15,0,-20,-49,-47,0,-56,-59,-81,-82,-104,-88,-107,-103,-102,-96,-97,-90,-97,-95,-106,-125,-593,-207,-229,-197,-250,-186,-192,-14,-14,-14,-179,-187,-227,-221,-341,-23]} 1. d4 d5 2. c4 Bf5 3. cxd5 Bxb1 4. Qa4+ c6 5. Rxb1 Qxd5 6. Nf3 Nd7 7. b4 {[%cal Bb2b4,Bb4b5][%mdl 32]} e5 {D06: Queen's Gambit: Symmetrical and Baltic Defences.} 8. dxe5 Nxe5 (8... a5 $14) 9. Nxe5 (9. b5 $1 $16) 9... Qxe5 $14 {White is slightly better.} 10. b5 Rd8 {( -> ...Qc3+)} 11. Bd2 Qd5 {[%csl Gd8][%cal Rd5d2] [#]} (11... Rxd2 $5 12. Kxd2 Nf6 $11) 12. Qc2 $146 ({Predecessor:} 12. Bc3 Nf6 13. bxc6 bxc6 14. f3 Bc5 15. e4 Qg5 16. Qxc6+ Nd7 17. Bd2 Qh4+ 18. g3 {0-1 (25) Lutz,B (2348)-Sommerhalder,E (2054) Basel 2013}) 12... Nf6 13. e3 Bc5 14. bxc6 bxc6 15. Ba5 (15. Rd1 $11) 15... Bb6 $1 $36 {[%cal Rb6a5][%mdl 2048] Keeping White busy.} 16. Bb4 Ba5 (16... c5 $5 {[%cal Rc5b4]} 17. Bb5+ Kf8 $15) 17. a3 ({White should play} 17. e4 $11 Nxe4 18. Bc4 Bxb4+ 19. Rxb4 Qd2+ 20. Qxd2 Nxd2 21. Be2) 17... Bxb4+ $1 18. axb4 O-O 19. Rg1 (19. Ra1 $15) 19... Rd7 (19... a5 $19 20. Bc4 Qe5) 20. g4 (20. Rd1 $15 Qe5 21. Rxd7 Nxd7 22. Be2) 20... Rfd8 (20... Qe5 $17 21. Bg2 Qxh2) 21. Bg2 (21. g5 $15 Ne4 22. Bg2) 21... Qe5 (21... Qe6 $19 {has better winning chances.} 22. h3 Nd5 23. Bxd5 cxd5) 22. Bxc6 $2 {[%mdl 8192]} (22. Bf3 $17) 22... Rd2 $1 $19 {[%cal Rd2c2]} 23. Qc4 Qxh2 {[%csl Gd2][%cal Rh2f2]} (23... Qd6 $2 24. Bf3 $19) 24. Rf1 Qd6 25. Bf3 (25. Rc1 $142 h5 26. gxh5 Nxh5 27. Rg1) 25... a5 $2 (25... Nd7 26. Rh1 Ne5) 26. bxa5 $2 (26. Rh1) 26... Qa3 $2 ({Wrong is} 26... Qd3 $2 27. Qxd3 R2xd3 28. Ra1 $18) (26... Nd7 $19 {And now ...Ne5! would win.} 27. Rh1 Ne5) 27. Qb4 $2 (27. Rg1 $11 {and White has nothing to worry.}) 27... Qa2 $1 28. g5 $2 {[#]} (28. Rh1) 28... Ne8 $2 (28... Ne4 $1 $19 {[%cal Rd2f2][%mdl 512]} 29. Rd1 (29. Qxe4 Re2+) 29... Rxd1+ 30. Bxd1 Nc5 31. Qc3 Nd3+ 32. Qxd3 Rxd3 33. Rg1 Qxa5+ 34. Ke2 Rd2+ 35. Kf3 Qf5+ 36. Kg3 Qxf2+ {[%mdl 64] Double Attack} 37. Kg4 Qxg1+ 38. Kf3 Rd3 $1 {[%mdl 512]} 39. Ke2 Qxe3+ 40. Kf1 Rxd1+ 41. Kg2 Rg1+ 42. Kh2 Qg3#) 29. Rd1 $1 $11 {[%cal Rd1d2]} Rxd1+ 30. Bxd1 Qa1 {[%csl Gd8][%cal Ra1d1]} 31. Ke2 {Hoping for Bb3.} Qa2+ 32. Kf3 {[#]} (32. Ke1 $1 $11 {remains equal.}) 32... Qd5+ $1 $17 33. Qe4 {Qxd5 is the strong threat.} Qxa5 ({Black should try} 33... Qxg5 $17 34. Bc2 Nf6) 34. Qf4 Rd5 {White must now prevent ...Rf5.} 35. Bc2 Rxg5 36. Rb1 {aiming for Rb8!} Rb5 37. Rxb5 (37. Qe4 $11 Nd6 38. Qxh7+ Kf8 39. Qh8+ Ke7 40. Qxg7) 37... Qxb5 $15 38. Ba4 Qh5+ 39. Kg2 Qg6+ 40. Kf1 Qb1+ 41. Ke2 Nf6 {[#]} 42. Qc4 $1 {[%mdl 512]} Qb2+ 43. Kf3 {Qc8+ would kill now.} Qb7+ 44. Bc6 Qc8 45. e4 $2 {[%mdl 8192]} (45. Qa4 $17 {is a better chance.}) 45... Qg4+ $2 (45... Nd7 46. Qb5 {[#]} Qxc6 $1 {[%mdl 512]}) 46. Ke3 $19 h6 47. Ba4 (47. Bb7 {is a better defense.}) 47... Qh3+ 48. Ke2 Qe6 $2 ({Better is} 48... Nh5 $19 49. Kd2 Nf4) 49. Qxe6 $11 fxe6 50. e5 $2 (50. Ke3 $11 {and White is okay.}) 50... Nd5 $19 {Threatens to win with ...Nc3+.} 51. Kd3 Kf7 52. Kd4 (52. Bb3 {was the only chance.}) 52... Nb6 $2 {[%mdl 32768] Accuracy: White = 33%, Black = 49%. . Loss on time!?} (52... h5 $19 53. Bc2 g5) 1-0

[Event "SVK Amateur-ch 2020"]
[Site "Topolcany"]
[Date "2020.07.11"]
[Round "3.12"]
[White "Vargyas, Zoltan"]
[Black "Tatliak, Stefan"]
[Result "1-0"]
[WhiteElo "2023"]
[BlackElo "1704"]
[Annotator "ChessBase"]
[PlyCount "47"]
[EventDate "2020.07.10"]
[EventType "swiss"]
[EventCountry "SVK"]
[SourceTitle "playchess.com"]
[Source "ChessBase"]
[SourceQuality "1"]
[TimeControl "3600+30"]

1. Nf3 {[%emt 0:00:00]} d5 {[%emt 0:01:20]} 2. c4 {[%emt 0:00:00]} e6 {[%emt 0:02:58]} 3. d4 {[%emt 0:00:56]} Nf6 {[%emt 0:00:28]} 4. Nc3 {[%emt 0:00:37]} Nc6 {[%emt 0:02:41]} 5. Bf4 {[%emt 0:02:37]} a6 {[%emt 0:06:57]} 6. e3 {[%emt 0:02:59]} Be7 {[%emt 0:04:32]} 7. h3 {[%emt 0:02:13]} O-O {[%emt 0:00:56]} 8. a3 {[%emt 0:01:45]} dxc4 {[%emt 0:08:58]} 9. Bxc4 {[%emt 0:00:09]} b5 {[%emt 0:02:28]} 10. Bd3 {[%emt 0:01:26]} b4 {[%emt 0:03:38]} 11. Ne4 {[%emt 0:01:59]} Nd5 {[%emt 0:00:41]} 12. Bg3 {[%emt 0:06:30]} f5 {[%emt 0:07:54]} 13. Ned2 {[%emt 0:08:02]} Bd7 {[%emt 0:08:37]} 14. e4 {[%emt 0:05:06]} Nb6 {[%emt 0:05:53]} 15. Qb3 {[%emt 0:03:44]} f4 {[%emt 0:02:21]} 16. Bh2 {[%emt 0:03:02]} Kh8 {[%emt 0:01:48]} 17. O-O {[%emt 0:02:57]} Qe8 {[%emt 0:03:07]} 18. Rfc1 {[%emt 0:04:43]} Qh5 {[%emt 0:01:21]} 19. Be2 {[%emt 0:03:25]} Qh6 {[%emt 0:00:29]} 20. axb4 {[%emt 0:00:39]} a5 {[%emt 0:01:25]} 21. b5 {[%emt 0:01:24]} a4 {[%emt 0:00:21]} 22. Qc2 {[%emt 0:01:40]} Nb4 {[%emt 0:00:57]} 23. Qxc7 {[%emt 0:00:21]} Bd8 {[%emt 0:00:19]} 24. Qd6 {[%emt 0:00:57]} 1-0

[Event "SVK Amateur-ch 2020"]
[Site "Topolcany"]
[Date "2020.07.11"]
[Round "3.13"]
[White "Frink, Ferenc"]
[Black "Skrinar, Marek"]
[Result "1-0"]
[WhiteElo "2075"]
[BlackElo "1668"]
[Annotator "ChessBase"]
[PlyCount "69"]
[EventDate "2020.07.10"]
[EventType "swiss"]
[EventCountry "SVK"]
[SourceTitle "playchess.com"]
[Source "ChessBase"]
[SourceQuality "1"]
[TimeControl "3600+30"]

1. e4 {[%emt 0:02:18]} e5 {[%emt 0:00:00]} 2. Bc4 {[%emt 0:04:44]} Nf6 {[%emt 0:02:20]} 3. d3 {[%emt 0:00:32]} h6 {[%emt 0:02:21]} 4. Nf3 {[%emt 0:00:29]} Nc6 {[%emt 0:01:35]} 5. O-O {[%emt 0:02:49]} Bc5 {[%emt 0:01:49]} 6. c3 {[%emt 0:05:22]} Qe7 {[%emt 0:07:24]} 7. d4 {[%emt 0:02:59]} Bb6 {[%emt 0:00:30]} 8. d5 {[%emt 0:03:30]} Nb8 {[%emt 0:00:33]} 9. Qd3 {[%emt 0:04:20]} d6 {[%emt 0:01:20]} 10. h3 {[%emt 0:00:13]} g5 {[%emt 0:06:40]} 11. Nxg5 {[%emt 0:14:05]} hxg5 {[%emt 0:02:31]} 12. Bxg5 {[%emt 0:02:27]} Rg8 {[%emt 0:02:08]} 13. h4 {[%emt 0:00:23]} Rxg5 {[%emt 0:01:47]} 14. hxg5 {[%emt 0:00:02]} Ng4 {[%emt 0:00:24]} 15. Qh3 {[%emt 0:03:11]} Qxg5 {[%emt 0:03:41]} 16. Be2 {[%emt 0:06:28]} Ke7 {[%emt 0:06:02]} 17. g3 {[%emt 0:03:15]} Nxf2 {[%emt 0:01:28]} 18. Qh4 {[%emt 0:00:18]} Nxe4+ {[%emt 0:10:52]} 19. Kg2 {[%emt 0:00:23]} Nd7 {[%emt 0:05:13]} 20. Qxe4 {[%emt 0:00:32]} Nf6 {[%emt 0:01:04]} 21. Qh4 {[%emt 0:01:39]} Qg7 {[%emt 0:00:13]} 22. Nd2 {[%emt 0:00:23]} Bh3+ {[%emt 0:02:44]} 23. Qxh3 {[%emt 0:00:30]} Nxd5 {[%emt 0:00:12]} 24. Qh4+ {[%emt 0:03:29]} f6 {[%emt 0:00:23]} 25. Nc4 {[%emt 0:00:56]} Nf4+ {[%emt 0:02:21]} 26. Rxf4 {[%emt 0:01:04]} exf4 {[%emt 0:02:06]} 27. Qxf4 {[%emt 0:00:02]} Qh7 {[%emt 0:01:48]} 28. Nxb6 {[%emt 0:01:05]} axb6 {[%emt 0:00:21]} 29. Re1 {[%emt 0:00:22]} Qg7 {[%emt 0:03:11]} 30. Qc4 {[%emt 0:02:43]} Kf8 {[%emt 0:01:05]} 31. Bh5 {[%emt 0:00:43]} c6 {[%emt 0:00:38]} 32. Qe6 {[%emt 0:00:09]} Qh7 {[%emt 0:00:38]} 33. Qxf6+ {[%emt 0:00:19]} Kg8 {[%emt 0:00:13]} 34. Bg6 {[%emt 0:00:30]} Qg7 {[%emt 0:00:21]} 35. Qe6+ {[%emt 0:00:11]} 1-0